Octava exposición bienal de artes plásticas. (Registro nro. 30812)
[ vista simple ]
| 000 -CABECERA | |
|---|---|
| campo de control de longitud fija | 00594nam a2200145 a 4500 |
| 001 - NÚMERO DE CONTROL | |
| campo de control | 000031320 |
| 005 - FECHA Y HORA DE LA ÚLTIMA TRANSACCIÓN | |
| campo de control | 20200930062840.0 |
| 008 - DATOS DE LONGITUD FIJA--INFORMACIÓN GENERAL | |
| campo de control de longitud fija | 110620s1956 dr ac r 000 0 spa d |
| 040 ## - FUENTE DE LA CATALOGACIÓN | |
| Centro catalogador/agencia de origen | DO-SdBNP |
| Lengua de catalogación | spa |
| Centro/agencia transcriptor | BNPHU |
| 082 ## - NÚMERO DE LA CLASIFICACIÓN DECIMAL DEWEY | |
| Número de clasificación | xxxx |
| Número de documento/Ítem | E96 |
| 111 1# - ENTRADA PRINCIPAL--NOMBRE DE CONGRESO/REUNIÓN | |
| Nombre de congreso/reunión o jurisdicción como elemento de entrada | Exposición bienal de artes plásticas |
| Número del congreso/reunión o número de parte o sección | (8va : |
| Fecha del congreso/reunión | 16 de agost- 1 de sept. 1956 : |
| Sede del congreso/Lugar de la reunión | Ciudad Trujillo, República Dominicana) |
| 9 (RLIN) | 57768 |
| 245 10 - MENCIÓN DE TÍTULO | |
| Título | Octava exposición bienal de artes plásticas. |
| 260 ## - PUBLICACIÓN, DISTRIBUCIÓN, ETC. | |
| Lugar de publicación, distribución, etc. | Cuidad Trujillo, República Dominicana : |
| Nombre del editor, distribuidor, etc. | Secretaría de Estado de Educación y Bellas Artes, |
| Fecha de publicación, distribución, etc. | [1956]. |
| 300 ## - DESCRIPCIÓN FÍSICA | |
| Extensión | 97 p. : |
| Otras características físicas | il., retrs. ; |
| Dimensiones | 17 cm. |
| Estado de retiro | Estado de pérdida | Restricciones de uso | No para préstamo | Código de colección | Localización permanente | Ubicación/localización actual | Ubicación en estantería | Fecha de adquisición | Número de inventario | Total de préstamos | Signatura topográfica completa | Código de barras | Fecha visto por última vez | Precio válido a partir de | Tipo de ítem Koha | Nota pública |
|---|---|---|---|---|---|---|---|---|---|---|---|---|---|---|---|---|
| Excluido de préstamo | Raros y valiosos | Patrimonio Dominicano | Patrimonio Dominicano | Depósito | 20.06.2011 | LF1 | xxxx E96 | 31320-10 | 25.06.2020 | 25.06.2020 | No se presta | Perteneció a la colección Aída Cartagena Portalatín |
